000 00937nam a22003017a 4500
003 CHAP
005 20220329143348.0
008 081222s2008 us a r 00010 eng d
010 _a95534
011 _a96506
020 _a9780716768876
035 _a107160
040 _cCHAP
082 0 4 _a575.1
_bIn89
_22008
245 0 0 _aIntroduction to genetic analysis
_c/by Anthony J.F. Griffiths ...[et al.]
250 _a9 ed.
260 _aNew York :
_bW.H. Freeman,
_cc2008
300 _axxiii, 838 p. :
_bilus.
590 _aBATCH-UPD
_b10
_c20130110
_lUCH01
_h0710
590 _aBATCH-UPD
_b10
_c20130410
_lUCH01
_h0355
590 _aBATCH-UPD
_b10
_c20130914
_lUCH01
_h1536
590 _aCONVERSION
_b10
_c20130109
_lUCH01
_h1353
650 0 4 _aGenética.
_947469
700 1 _aGriffiths, Anthony.
_950691
901 _aBK
942 _cLIBRO
949 _a575.1 In89 2008
_bBC
_cLIBRO
_d33724002069561
_eLIBRO
_gI.c/e
_h110151
_i107160
_si
_t$967.78
999 _c95534
_d95534